[Event "Krapina op 7th"]
[Site "Krapina"]
[Date "2017.01.14"]
[Round "4.4"]
[White "Golub, Nikolina"]
[Black "Starcevic, Ante Leon"]
[Result "0-1"]
[WhiteElo "1856"]
[BlackElo "2114"]
[PlyCount "112"]
[EventDate "2017.01.12"]
[EventType "swiss"]
[EventRounds "7"]
[EventCountry "CRO"]
[Source "Mirjana Medic"]
[SourceDate "2017.01.13"]

1. d4 Nf6 2. c4 g6 3. Nc3 d5 4. Bf4 Bg7 5. e3 c5 6. dxc5 Qa5 7. Rc1 dxc4 8.
Bxc4 O-O 9. Nf3 Qxc5 10. Qb3 Nc6 11. Qb5 Qxb5 12. Bxb5 Be6 13. Bxc6 bxc6 14.
Nd4 Bd5 15. Nxd5 Nxd5 16. Bg3 Nb4 17. Ke2 Rfc8 18. Rc5 Nxa2 19. Nxc6 Kf8 20.
Rc2 Nc3+ 21. bxc3 Rxc6 22. Rhc1 a5 23. Ra2 Rxc3 24. Rxc3 Bxc3 25. Kd3 Bb4 26.
Kc4 f6 27. Kd3 Rd8+ 28. Ke2 Kf7 29. Bc7 Rd7 30. Bg3 e5 31. f3 Ra7 32. Be1 Bxe1
33. Kxe1 Ke6 34. e4 Kd6 35. Kd2 Kc5 36. Kc3 Ra6 37. h3 h5 38. Ra1 h4 39. Ra2 a4
40. Rd2 a3 41. Ra2 Ra7 42. Ra1 a2 43. Kb2 Kc4 44. Rxa2 Rxa2+ 45. Kxa2 Kc3 46.
Ka3 Kd2 47. Kb4 Ke3 48. Kc4 Kf2 49. Kd5 Kxg2 50. Ke6 Kxf3 51. Kxf6 Kxe4 52. Kg5
Kf3 53. Kxh4 e4 54. Kg5 Kg3 55. h4 e3 56. Kxg6 Kxh4 0-1

[Event "Krapina op 7th"]
[Site "Krapina"]
[Date "2017.01.14"]
[Round "4.5"]
[White "Bockaj, Ivan"]
[Black "Svrtan, Zlatko"]
[Result "0-1"]
[WhiteElo "1912"]
[BlackElo "2088"]
[PlyCount "101"]
[EventDate "2017.01.12"]
[EventType "swiss"]
[EventRounds "7"]
[EventCountry "CRO"]
[Source "Mirjana Medic"]
[SourceDate "2017.01.13"]

1. d4 d5 2. Nf3 Nf6 3. Bg5 Ne4 4. Bh4 c6 5. e3 Qb6 6. Qc1 Bf5 7. Bd3 e6 8. O-O
Nd7 9. a3 c5 10. c3 Bd6 11. Ne1 Qc7 12. f4 Rc8 13. Bxe4 Bxe4 14. Nd2 Bf5 15.
Ndf3 b6 16. Qd2 c4 17. h3 h5 18. Ne5 Nf6 19. Qd1 b5 20. Bxf6 gxf6 21. N5f3 Be4
22. Nh4 Qd7 23. Qd2 a5 24. Qf2 Rg8 25. Kh1 Ke7 26. Nef3 Rg7 27. Nd2 Bd3 28. Rg1
Rcg8 29. g3 Qc8 30. Kh2 Bc7 31. Qf3 Rh8 32. e4 dxe4 33. Nxe4 Qa8 34. Nc5 Qxf3
35. Nxf3 Bf5 36. Rae1 Bb6 37. Nh4 Bh7 38. Ne4 Rd8 39. Rg2 Rd5 40. Rge2 Rg8 41.
Nf2 Bc7 42. Ne4 Rb8 43. Nc5 Rb6 44. Ng2 Rd8 45. Ne3 h4 46. Ng4 Bd6 47. Ne4 Bxe4
48. Rxe4 f5 49. R4e3 hxg3+ 50. Kxg3 fxg4 51. hxg4 0-1

[Event "Krapina op 7th"]
[Site "Krapina"]
[Date "2017.01.14"]
[Round "4.6"]
[White "Galoic, Boris"]
[Black "Klement, Dubravko"]
[Result "1/2-1/2"]
[WhiteElo "2041"]
[BlackElo "1919"]
[PlyCount "44"]
[EventDate "2017.01.12"]
[EventType "swiss"]
[EventRounds "7"]
[EventCountry "CRO"]
[Source "Mirjana Medic"]
[SourceDate "2017.01.13"]

1. Nf3 c5 2. e3 g6 3. d4 Bg7 4. Be2 Nf6 5. O-O cxd4 6. Nxd4 O-O 7. b3 d5 8. Bb2
Re8 9. Nd2 e5 10. N4f3 Nc6 11. c4 d4 12. exd4 exd4 13. Bd3 Qb6 14. a3 a5 15.
Qc2 Qc5 16. Rfe1 Be6 17. Re2 Rad8 18. Rae1 Bg4 19. h3 Rxe2 20. Rxe2 Bxf3 21.
Nxf3 Nh5 22. Bc1 Ne5 1/2-1/2

[Event "Krapina op 7th"]
[Site "Krapina"]
[Date "2017.01.14"]
[Round "4.7"]
[White "Cipan, Viktor"]
[Black "Hamer, Ivan"]
[Result "0-1"]
[WhiteElo "1663"]
[BlackElo "1956"]
[PlyCount "98"]
[EventDate "2017.01.12"]
[EventType "swiss"]
[EventRounds "7"]
[EventCountry "CRO"]
[Source "Mirjana Medic"]
[SourceDate "2017.01.13"]

1. e4 e6 2. Nc3 d5 3. exd5 exd5 4. Qe2+ Be6 5. d4 Nc6 6. Nf3 Bb4 7. Bd2 Nf6 8.
Bg5 O-O 9. Bxf6 Qxf6 10. Qd1 Bg4 11. Be2 Bxf3 12. Bxf3 Nxd4 13. O-O Nxf3+ 14.
Qxf3 Qxf3 15. gxf3 c6 16. Ne2 Rfe8 17. Ng3 Re6 18. c3 Bd6 19. Rfe1 Rae8 20.
Rxe6 Rxe6 21. Kf1 g6 22. h3 f5 23. Ne2 Kf7 24. Rd1 Bc5 25. b3 Kf6 26. Rd3 Bb6
27. a4 g5 28. b4 a6 29. Ng3 Ke5 30. Ne2 Rh6 31. Kg2 Rh4 32. Kg3 Rc4 33. f4+
gxf4+ 34. Kf3 a5 35. b5 Rxa4 36. bxc6 bxc6 37. Rd2 Rc4 38. Rc2 a4 39. Nc1 Ba5
40. Nd3+ Kd6 41. Nb2 Rxc3+ 42. Rxc3 Bxc3 43. Nxa4 Bd4 44. Kxf4 c5 45. Nb6 c4
46. Na4 Ke6 47. Kf3 Ke5 48. Ke2 Ke4 49. f3+ Kf4 0-1

[Event "Krapina op 7th"]
[Site "Krapina"]
[Date "2017.01.14"]
[Round "4.8"]
[White "Kozina, Zdenko"]
[Black "Mlinaric, Andrija"]
[Result "0-1"]
[WhiteElo "1925"]
[BlackElo "1888"]
[PlyCount "54"]
[EventDate "2017.01.12"]
[EventType "swiss"]
[EventRounds "7"]
[EventCountry "CRO"]
[Source "Mirjana Medic"]
[SourceDate "2017.01.13"]

1. d4 Nf6 2. Nf3 g6 3. Bg5 Bg7 4. Nbd2 d5 5. h3 O-O 6. e3 c5 7. c3 b6 8. Bd3
Nc6 9. O-O Qc7 10. Bf4 Qd8 11. Rc1 Bb7 12. Re1 Re8 13. Bb5 Nd7 14. Qa4 Qc8 15.
c4 a6 16. Bxc6 Bxc6 17. Qb3 dxc4 18. Qxc4 Qb7 19. dxc5 Nxc5 20. b4 Bb5 21. Qc2
Nd3 22. Nd4 Bxd4 23. exd4 Nxf4 24. Re4 Ne2+ 25. Rxe2 Bxe2 26. Re1 Rac8 27. Qb3
Bb5 0-1

[Event "Krapina op 7th"]
[Site "Krapina"]
[Date "2017.01.14"]
[Round "4.9"]
[White "Trsinski, Stjepan"]
[Black "Takac, Zvonko"]
[Result "0-1"]
[WhiteElo "1824"]
[BlackElo "2005"]
[PlyCount "64"]
[EventDate "2017.01.12"]
[EventType "swiss"]
[EventRounds "7"]
[EventCountry "CRO"]
[Source "Mirjana Medic"]
[SourceDate "2017.01.13"]

1. d4 d5 2. Nf3 Nf6 3. Bf4 e6 4. e3 c5 5. c3 Nc6 6. Nbd2 Nh5 7. Be5 f6 8. Nh4
g6 9. Bg3 cxd4 10. exd4 Bg7 11. Be2 Nxg3 12. hxg3 O-O 13. Bd3 f5 14. g4 fxg4
15. f4 Rxf4 16. g3 Rf6 17. Qc2 e5 18. dxe5 Nxe5 19. O-O-O Nxd3+ 20. Qxd3 g5 21.
Ne4 gxh4 22. Nxf6+ Qxf6 23. Rdf1 Qg5+ 24. Kd1 h3 25. Qb5 Be6 26. Qxb7 Rd8 27.
Qc6 Bf5 28. Qc7 Be4 29. Rh2 Bf3+ 30. Kc2 Be5 31. Qxa7 Bxg3 32. Rxh3 Be4+ 0-1

[Event "Krapina op 7th"]
[Site "Krapina"]
[Date "2017.01.14"]
[Round "4.10"]
[White "Kostelic, Tihomir"]
[Black "Puljic, Ljubomir"]
[Result "0-1"]
[WhiteElo "1720"]
[BlackElo "1387"]
[PlyCount "93"]
[EventDate "2017.01.12"]
[EventType "swiss"]
[EventRounds "7"]
[EventCountry "CRO"]
[Source "Mirjana Medic"]
[SourceDate "2017.01.13"]

1. d4 Nf6 2. Nf3 d5 3. Bf4 Nc6 4. e3 Bg4 5. h3 Bxf3 6. Qxf3 Qd7 7. a3 e6 8. c4
Be7 9. Nc3 O-O 10. Be2 h6 11. Qg3 Bd6 12. O-O Bxf4 13. Qxf4 a6 14. c5 Na5 15.
Bd3 Nb3 16. Rad1 b6 17. Bc2 Na5 18. e4 Nc4 19. Qc1 bxc5 20. dxc5 Qe7 21. exd5
exd5 22. Nxd5 Nxd5 23. Rxd5 Qf6 24. b4 Ne5 25. Rfd1 Ng6 26. Qe3 Rfe8 27. Qd3
Nf4 28. Qh7+ Kf8 29. Qh8+ Ke7 30. Rd7+ Ke6 31. c6 Ne2+ 32. Kh1 Rxh8 33. Bb3+
Ke5 34. R1d5+ Kf4 35. g3+ Kf3 36. Rd3+ Kxf2 37. Rxf7 Nxg3+ 38. Kh2 Qxf7 39.
Bxf7 Nf1+ 40. Kh1 Rhf8 41. Bc4 Rf3 42. Rxf3+ Kxf3 43. Bxf1 Rd8 44. Bxa6 Kg3 45.
Kg1 Ra8 46. Bc4 Rxa3 47. Bf1 0-1

[Event "Krapina op 7th"]
[Site "Krapina"]
[Date "2017.01.14"]
[Round "4.11"]
[White "Kostelac, Tea"]
[Black "Kovac, Mihael"]
[Result "1/2-1/2"]
[WhiteElo "1333"]
[BlackElo "1687"]
[PlyCount "37"]
[EventDate "2017.01.12"]
[EventType "swiss"]
[EventRounds "7"]
[EventCountry "CRO"]
[Source "Mirjana Medic"]
[SourceDate "2017.01.13"]

1. e4 c5 2. Nc3 e6 3. Bc4 Nf6 4. e5 d5 5. exd6 Bxd6 6. Nf3 a6 7. a4 Nc6 8. d3
h6 9. Nd2 O-O 10. Nde4 Be7 11. Be3 b6 12. Rb1 Nd5 13. Bd2 Na5 14. Bxd5 exd5 15.
Ng3 Nc6 16. O-O Bb7 17. Qg4 Ne5 18. Qh5 Bg5 19. f4 1/2-1/2

[Event "Krapina op 7th"]
[Site "Krapina"]
[Date "2017.01.14"]
[Round "4.12"]
[White "Rickovic, Tomislav"]
[Black "Franc, Borna"]
[Result "1/2-1/2"]
[WhiteElo "1597"]
[BlackElo "1660"]
[PlyCount "140"]
[EventDate "2017.01.12"]
[EventType "swiss"]
[EventRounds "7"]
[EventCountry "CRO"]
[Source "Mirjana Medic"]
[SourceDate "2017.01.13"]

1. d4 Nf6 2. c4 e6 3. Nc3 Bb4 4. Bg5 h6 5. Bh4 O-O 6. Qc2 b6 7. f3 Bxc3+ 8.
bxc3 d5 9. cxd5 exd5 10. e4 g5 11. Bg3 dxe4 12. fxe4 Bb7 13. Bd3 Nxe4 14. Bxe4
Bxe4 15. Qxe4 Re8 16. Be5 Nd7 17. Ne2 f6 18. Qg6+ Kf8 19. Qxh6+ Kf7 20. Qh7+
Kf8 21. Rf1 Nxe5 22. dxe5 Rxe5 23. Qh8+ Kf7 24. Qxd8 Rxd8 25. Rd1 Rde8 26. Rf2
Ra5 27. Rd2 Rae5 28. Kd1 Ke6 29. Nd4+ Kf7 30. Kc2 Rc5 31. Rf5 Rxf5 32. Nxf5 Kg6
33. Nd4 c5 34. Re2 Rh8 35. Nc6 Rxh2 36. Kd3 a6 37. Nb8 a5 38. Nd7 b5 39. Nxc5
Rh8 40. Ne6 Rb8 41. a3 b4 42. cxb4 axb4 43. axb4 Rxb4 44. Ke3 Ra4 45. Kf3 Kf5
46. Ng7+ Kg6 47. Ne8 Rf4+ 48. Kg3 f5 49. Nd6 Rg4+ 50. Kh2 Rh4+ 51. Kg1 f4 52.
Re6+ Kh7 53. Nf5 Rh5 54. Kf2 g4 55. Nd4 Rd5 56. Re4 f3 57. gxf3 gxf3 58. Kxf3
Kg6 59. Kf4 Rh5 60. Re6+ Kf7 61. Rb6 Rh2 62. Nf5 Rh1 63. Nh6+ Kg7 64. Kg5 Rg1+
65. Ng4 Kf7 66. Rc6 Ke7 67. Kf4 Rf1+ 68. Ke4 Re1+ 69. Ne3 Kd7 70. Ra6 Ke7
1/2-1/2

[Event "Krapina op 7th"]
[Site "Krapina"]
[Date "2017.01.14"]
[Round "4.13"]
[White "Kupek, Robert"]
[Black "Lupinski, Valentin"]
[Result "1-0"]
[WhiteElo "1655"]
[BlackElo "1553"]
[PlyCount "87"]
[EventDate "2017.01.12"]
[EventType "swiss"]
[EventRounds "7"]
[EventCountry "CRO"]
[Source "Mirjana Medic"]
[SourceDate "2017.01.13"]

1. d4 Nf6 2. Nf3 e6 3. c4 c5 4. Nc3 cxd4 5. Nxd4 Bb4 6. Bd2 O-O 7. a3 Bxc3 8.
Bxc3 Ne4 9. Bb4 Qf6 10. Nf3 Rd8 11. Qc2 Ng5 12. Nxg5 Qxg5 13. g3 Nc6 14. Bc3 b6
15. Bg2 Bb7 16. O-O Na5 17. Bxb7 Nxb7 18. Qe4 d5 19. cxd5 Rxd5 20. Rad1 Nc5 21.
Qf3 Rad8 22. Rxd5 Rxd5 23. h4 Qg6 24. Qf4 f5 25. Qb8+ Kf7 26. Qxa7+ Nd7 27. Qc7
h5 28. Kg2 Kg8 29. Re1 Kh7 30. Rc1 Qg4 31. f3 Qg6 32. b4 Qh6 33. f4 Qg6 34. Rf1
b5 35. Qc6 Qf7 36. Rf3 Nf6 37. Bxf6 Qxf6 38. Re3 Rd2 39. Qxe6 Qf8 40. Re5 Qa8+
41. Kh2 Qf8 42. Rxb5 g6 43. Rb7+ Kh6 44. Qe7 1-0

[Event "Krapina op 7th"]
[Site "Krapina"]
[Date "2017.01.14"]
[Round "4.15"]
[White "Oreski, Zdravko"]
[Black "Lescan, Marijan"]
[Result "1/2-1/2"]
[WhiteElo "1527"]
[BlackElo "1818"]
[PlyCount "58"]
[EventDate "2017.01.12"]
[EventType "swiss"]
[EventRounds "7"]
[EventCountry "CRO"]
[Source "Mirjana Medic"]
[SourceDate "2017.01.13"]

1. d4 e6 2. c4 d5 3. Nc3 Nf6 4. Nf3 Be7 5. Bf4 c6 6. e3 O-O 7. Bd3 b6 8. Qc2
dxc4 9. Bxc4 Ba6 10. Bxa6 Nxa6 11. a3 Nd5 12. Bg3 Nxc3 13. Qxc3 c5 14. O-O cxd4
15. Nxd4 Rc8 16. Qd3 Nc5 17. Qe2 Qd7 18. Rad1 Qb7 19. b4 Nd7 20. Nb5 Nf6 21.
Bd6 Ne8 22. Bxe7 Qxe7 23. Rc1 Rxc1 24. Rxc1 a6 25. Nd4 a5 26. Qd2 axb4 27. Qxb4
Qxb4 28. axb4 Nf6 29. f3 Nd5 1/2-1/2

[Event "Krapina op 7th"]
[Site "Krapina"]
[Date "2017.01.14"]
[Round "5.1"]
[White "Zigovecki, Vladimir"]
[Black "Jelecevic, Ivo"]
[Result "0-1"]
[WhiteElo "1885"]
[BlackElo "2137"]
[PlyCount "76"]
[EventDate "2017.01.12"]
[EventType "swiss"]
[EventRounds "7"]
[EventCountry "CRO"]
[Source "Mirjana Medic"]
[SourceDate "2017.01.13"]

1. d4 d5 2. Nf3 Nf6 3. c4 c6 4. e3 e6 5. Qc2 Bd6 6. Bd3 Nbd7 7. Nbd2 O-O 8. O-O
h6 9. b3 e5 10. dxe5 Nxe5 11. Nxe5 Bxe5 12. Bb2 Bxb2 13. Qxb2 Bg4 14. f3 Be6
15. Rfe1 Re8 16. Qc3 dxc4 17. Bxc4 Nd5 18. Bxd5 Qxd5 19. e4 Qg5 20. Qe3 Qxe3+
21. Rxe3 Rad8 22. Nf1 Rd4 23. Rc1 Red8 24. Kf2 a5 25. Rc2 a4 26. bxa4 Rxa4 27.
a3 Rda8 28. Rcc3 R8a5 29. f4 Rb5 30. f5 Bc4 31. Nd2 Rb2 32. Ke1 Ba6 33. e5 Kf8
34. e6 Ke7 35. Ne4 Rxg2 36. Nc5 Rh4 37. Nxa6 Rhxh2 38. exf7+ Kxf7 0-1

[Event "Krapina op 7th"]
[Site "Krapina"]
[Date "2017.01.14"]
[Round "5.2"]
[White "Starcevic, Ante Leon"]
[Black "Mlinaric, Andrija"]
[Result "1-0"]
[WhiteElo "2114"]
[BlackElo "1888"]
[PlyCount "67"]
[EventDate "2017.01.12"]
[EventType "swiss"]
[EventRounds "7"]
[EventCountry "CRO"]
[Source "Mirjana Medic"]
[SourceDate "2017.01.13"]

1. c4 Nf6 2. Nc3 d6 3. g3 g6 4. Bg2 Bg7 5. d3 O-O 6. Nf3 c6 7. O-O e5 8. Rb1
Re8 9. Bg5 h6 10. Bxf6 Qxf6 11. b4 Be6 12. b5 d5 13. bxc6 bxc6 14. cxd5 cxd5
15. d4 e4 16. Ne5 Qg5 17. h4 Qh5 18. e3 Qxd1 19. Rfxd1 Bxe5 20. dxe5 Nc6 21.
Nxd5 Bxd5 22. Rxd5 Nxe5 23. Bxe4 Rac8 24. Kg2 f5 25. Bf3 Rc2 26. Bd1 Rc7 27. h5
g5 28. Rbb5 Nf7 29. Rxf5 Nd6 30. Rbc5 Rce7 31. Rf6 Ne4 32. Bb3+ Kg7 33. Rg6+
Kh7 34. Rcc6 1-0

[Event "Krapina op 7th"]
[Site "Krapina"]
[Date "2017.01.14"]
[Round "5.3"]
[White "Svrtan, Zlatko"]
[Black "Kolic, Mario"]
[Result "1-0"]
[WhiteElo "2088"]
[BlackElo "1009"]
[PlyCount "97"]
[EventDate "2017.01.12"]
[EventType "swiss"]
[EventRounds "7"]
[EventCountry "CRO"]
[Source "Mirjana Medic"]
[SourceDate "2017.01.13"]

1. e4 c5 2. Nf3 d6 3. d4 cxd4 4. Nxd4 Nf6 5. Nc3 a6 6. Bg5 e6 7. g3 Be7 8. Qd2
b5 9. a3 Bb7 10. Bg2 Qc7 11. O-O Nc6 12. Rad1 Rd8 13. Nxc6 Bxc6 14. Rfe1 O-O
15. h3 Rd7 16. Qe2 Rfd8 17. f4 h6 18. Bh4 e5 19. Bxf6 Bxf6 20. f5 Qb7 21. Nd5
Bxd5 22. Rxd5 Rc8 23. c3 Rc5 24. Red1 Rxd5 25. Rxd5 Be7 26. Bf1 Rc7 27. Kg2 Rc5
28. Qd3 Rxd5 29. Qxd5 Qxd5 30. exd5 Kf8 31. a4 bxa4 32. Bxa6 Ke8 33. Bb5+ Kd8
34. Bxa4 Kc7 35. Be8 f6 36. Kf3 Kb6 37. b4 Kc7 38. Ba4 Kc8 39. Kg4 Bd8 40. Kh5
Bb6 41. Kg6 Be3 42. Kxg7 Bd2 43. Kxf6 Bxc3 44. Ke7 e4 45. f6 e3 46. Bd1 Bxf6+
47. Kxf6 Kb7 48. Be2 Kc7 49. Ke7 1-0

[Event "Krapina op 7th"]
[Site "Krapina"]
[Date "2017.01.14"]
[Round "5.5"]
[White "Takac, Zvonko"]
[Black "Zelenika, Zoran"]
[Result "0-1"]
[WhiteElo "2005"]
[BlackElo "2115"]
[PlyCount "108"]
[EventDate "2017.01.12"]
[EventType "swiss"]
[EventRounds "7"]
[EventCountry "CRO"]
[Source "Mirjana Medic"]
[SourceDate "2017.01.13"]

1. d4 Nf6 2. Nf3 e6 3. c4 b6 4. Nc3 Bb4 5. Qc2 Bb7 6. e3 Ne4 7. Bd3 f5 8. O-O
Bxc3 9. bxc3 O-O 10. Ba3 d6 11. Nd2 Nxd2 12. Qxd2 Nd7 13. f3 Nf6 14. Rae1 Qe8
15. Qc2 c5 16. e4 fxe4 17. fxe4 e5 18. d5 Qg6 19. Bc1 Ng4 20. h3 Nf6 21. Rf3
Rf7 22. Ref1 Raf8 23. Qf2 h5 24. Qh4 Ne8 25. Rxf7 Rxf7 26. Rxf7 Qxf7 27. Be2 g6
28. g4 hxg4 29. Bxg4 Ng7 30. Bh6 Ba6 31. Qd8+ Kh7 32. Bg5 Bxc4 33. Bf6 Ne8 34.
Qe7 Qxe7 35. Bxe7 Kg7 36. a3 Kf7 37. Bg5 Nf6 38. Bxf6 Kxf6 39. h4 Bd3 40. Bf3
b5 41. Kf2 a5 42. Ke3 Bc4 43. Kd2 b4 44. cxb4 cxb4 45. axb4 axb4 46. Bg4 Bf1
47. Bf3 Ke7 48. Bd1 Bb5 49. Bg4 Bf1 50. Bf3 Kf6 51. Kc2 g5 52. hxg5+ Kxg5 53.
Kb3 Kf4 54. Bh1 Bd3 0-1

[Event "Krapina op 7th"]
[Site "Krapina"]
[Date "2017.01.14"]
[Round "5.6"]
[White "Skupnjak, Milan"]
[Black "Galoic, Boris"]
[Result "1/2-1/2"]
[WhiteElo "1953"]
[BlackElo "2041"]
[PlyCount "63"]
[EventDate "2017.01.12"]
[EventType "swiss"]
[EventRounds "7"]
[EventCountry "CRO"]
[Source "Mirjana Medic"]
[SourceDate "2017.01.13"]

1. d4 d5 2. Nf3 Nf6 3. e3 e6 4. c4 Bd6 5. c5 Be7 6. Nc3 O-O 7. Bd3 b6 8. cxb6
cxb6 9. Bd2 Bb7 10. Rc1 Nc6 11. a3 Rc8 12. O-O Bd6 13. Qe2 Qe7 14. Ba6 Ne4 15.
Bxb7 Nxc3 16. Bxc3 Qxb7 17. e4 Bf4 18. exd5 exd5 19. Bd2 Rfe8 20. Qd3 Bxd2 21.
Qxd2 h6 22. Rfe1 Na5 23. Rxe8+ Rxe8 24. Qf4 Nc4 25. Rc2 Qe7 26. h3 Qe4 27. Qxe4
Rxe4 28. a4 f6 29. b3 Na5 30. Rc8+ Kh7 31. Rd8 Nxb3 32. Rxd5 1/2-1/2

[Event "Krapina op 7th"]
[Site "Krapina"]
[Date "2017.01.14"]
[Round "5.7"]
[White "Klement, Dubravko"]
[Black "Bockaj, Ivan"]
[Result "0-1"]
[WhiteElo "1919"]
[BlackElo "1912"]
[PlyCount "102"]
[EventDate "2017.01.12"]
[EventType "swiss"]
[EventRounds "7"]
[EventCountry "CRO"]
[Source "Mirjana Medic"]
[SourceDate "2017.01.13"]

1. d4 d5 2. Nf3 Nf6 3. Bf4 c6 4. Nbd2 Bf5 5. e3 e6 6. h3 Bd6 7. Bxd6 Qxd6 8.
Nh4 Bg6 9. Nxg6 hxg6 10. Bd3 Nbd7 11. c3 O-O 12. O-O Rac8 13. Nf3 c5 14. Rc1 c4
15. Bb1 Rc6 16. Qe2 b5 17. Rfd1 a5 18. a3 Rb8 19. Ng5 b4 20. axb4 axb4 21. e4
Qf4 22. Qd2 Qxd2 23. Rxd2 bxc3 24. bxc3 Rcb6 25. Bc2 Rb2 26. e5 Nh7 27. Nxh7
Kxh7 28. Ra1 R8b7 29. Kf1 Kh6 30. Ke1 g5 31. g3 f6 32. Ra6 R2b6 33. Ra8 Nb8 34.
f4 gxf4 35. gxf4 f5 36. Ra2 Nd7 37. Rg2 Nf8 38. Ra8 Ng6 39. Kf2 Rb8 40. Rxb8
Rxb8 41. Kg3 Rb2 42. h4 Ra2 43. h5 Nf8 44. Rf2 Ra3 45. Rf3 Kxh5 46. Re3 g5 47.
Bxf5 exf5 48. e6 Nxe6 49. Rxe6 Rxc3+ 50. Kf2 Rd3 51. fxg5 Kxg5 0-1

[Event "Krapina op 7th"]
[Site "Krapina"]
[Date "2017.01.14"]
[Round "5.8"]
[White "Golub, Nikolina"]
[Black "Kupek, Robert"]
[Result "1-0"]
[WhiteElo "1856"]
[BlackElo "1655"]
[PlyCount "31"]
[EventDate "2017.01.12"]
[EventType "swiss"]
[EventRounds "7"]
[EventCountry "CRO"]
[Source "Mirjana Medic"]
[SourceDate "2017.01.13"]

1. d4 d5 2. c4 e6 3. Nc3 Nf6 4. Nf3 Be7 5. Bf4 O-O 6. e3 Nbd7 7. c5 Nh5 8. Bg3
Nxg3 9. hxg3 Nf6 10. Bd3 g6 11. Ne5 Bd7 12. Qf3 Kg7 13. g4 h6 14. Ke2 Nh7 15.
Qh3 Bh4 16. Nxd7 1-0

[Event "Krapina op 7th"]
[Site "Krapina"]
[Date "2017.01.14"]
[Round "5.9"]
[White "Grmovsek, Mihael"]
[Black "Kralj, Kresimir"]
[Result "1/2-1/2"]
[WhiteElo "1626"]
[BlackElo "1749"]
[PlyCount "24"]
[EventDate "2017.01.12"]
[EventType "swiss"]
[EventRounds "7"]
[EventCountry "CRO"]
[Source "Mirjana Medic"]
[SourceDate "2017.01.13"]

1. e4 e5 2. Nf3 d6 3. h3 f5 4. Nc3 Nf6 5. d3 Nc6 6. Bg5 Be7 7. Be2 O-O 8. O-O
fxe4 9. dxe4 a6 10. a3 Be6 11. a4 b6 12. Re1 Nb4 1/2-1/2

[Event "Krapina op 7th"]
[Site "Krapina"]
[Date "2017.01.14"]
[Round "5.10"]
[White "Puljic, Ljubomir"]
[Black "Cipan, Viktor"]
[Result "0-1"]
[WhiteElo "1387"]
[BlackElo "1663"]
[PlyCount "50"]
[EventDate "2017.01.12"]
[EventType "swiss"]
[EventRounds "7"]
[EventCountry "CRO"]
[Source "Mirjana Medic"]
[SourceDate "2017.01.13"]

1. e4 e5 2. Nf3 Nc6 3. c3 Nf6 4. d3 h6 5. h3 Be7 6. Be2 O-O 7. O-O d6 8. Nh2
Nh7 9. Bg4 f5 10. exf5 Bxf5 11. Bxf5 Rxf5 12. Qg4 Rf6 13. Nd2 Qe8 14. Nhf3 Qf7
15. Ne4 Rg6 16. Qh5 Rxg2+ 17. Kxg2 Qxh5 18. Rg1 Rf8 19. Nh2 Ng5 20. Nxg5 Bxg5
21. Ng4 Bxc1 22. Raxc1 Kh7 23. b4 Qf5 24. Rcd1 h5 25. Ne3 Qxf2+ 0-1

[Event "Krapina op 7th"]
[Site "Krapina"]
[Date "2017.01.14"]
[Round "5.11"]
[White "Kovac, Mihael"]
[Black "Kozina, Zdenko"]
[Result "0-1"]
[WhiteElo "1687"]
[BlackElo "1925"]
[PlyCount "69"]
[EventDate "2017.01.12"]
[EventType "swiss"]
[EventRounds "7"]
[EventCountry "CRO"]
[Source "Mirjana Medic"]
[SourceDate "2017.01.13"]

1. e4 e6 2. c4 d5 3. cxd5 exd5 4. exd5 Qxd5 5. Nc3 Qd8 6. d4 Nf6 7. Nf3 Be7 8.
h3 O-O 9. Bc4 Nbd7 10. O-O Nb6 11. Bb3 c6 12. Re1 Nbd5 13. Bg5 h6 14. Bh4 Be6
15. Rc1 Rc8 16. Na4 Nc7 17. Nc5 Bxb3 18. Qxb3 b6 19. Nd3 Ne6 20. Rxe6 fxe6 21.
Qxe6+ Kh7 22. Re1 Rc7 23. Nde5 Qc8 24. Nxc6 Rxc6 25. Qxc8 Rcxc8 26. Rxe7 a5 27.
a3 Rc2 28. b4 axb4 29. axb4 Rb2 30. b5 Rxb5 31. Ne5 Rb1+ 32. Kh2 Kg8 33. Nd7
Rf7 34. Nxf6+ gxf6 35. Bxf6 0-1

[Event "Krapina op 7th"]
[Site "Krapina"]
[Date "2017.01.14"]
[Round "5.12"]
[White "Franc, Borna"]
[Black "Tretinjak, Dario"]
[Result "1-0"]
[WhiteElo "1660"]
[BlackElo "1801"]
[PlyCount "87"]
[EventDate "2017.01.12"]
[EventType "swiss"]
[EventRounds "7"]
[EventCountry "CRO"]
[Source "Mirjana Medic"]
[SourceDate "2017.01.13"]

1. e4 e5 2. Nf3 Nf6 3. Nc3 d6 4. d3 Bg4 5. Be2 Nc6 6. Be3 Be7 7. O-O O-O 8. Qd2
a6 9. a4 Qc8 10. Nd5 Nxd5 11. exd5 Nb8 12. c4 Nd7 13. b4 b6 14. Rac1 a5 15. b5
f5 16. Bg5 Qd8 17. Bxe7 Qxe7 18. Ne1 Bxe2 19. Qxe2 Nc5 20. f4 Rae8 21. fxe5
dxe5 22. Qc2 Qg5 23. Rd1 Qg4 24. h3 Qg5 25. Nf3 Qg3 26. d4 exd4 27. Nxd4 f4 28.
Kh1 Qe3 29. Rfe1 Qg3 30. Rf1 g6 31. Nf3 Re3 32. d6 cxd6 33. Rxd6 Rfe8 34. Rd2
Ne4 35. Re2 Rxe2 36. Qxe2 Qxh3+ 37. Kg1 Qe6 38. Re1 Kf7 39. Qc2 Qf5 40. Rxe4 h6
41. Re2 Qc5+ 42. Kf1 Rd8 43. Ne5+ Kg7 44. Qxg6+ 1-0

[Event "Krapina op 7th"]
[Site "Krapina"]
[Date "2017.01.14"]
[Round "5.13"]
[White "Kostelac, Tea"]
[Black "Rickovic, Tomislav"]
[Result "0-1"]
[WhiteElo "1333"]
[BlackElo "1597"]
[PlyCount "88"]
[EventDate "2017.01.12"]
[EventType "swiss"]
[EventRounds "7"]
[EventCountry "CRO"]
[Source "Mirjana Medic"]
[SourceDate "2017.01.13"]

1. e4 c6 2. Nc3 d5 3. exd5 cxd5 4. d4 Bf5 5. Bf4 a6 6. Bd3 Bg6 7. Nf3 Nc6 8. a3
e6 9. O-O Bd6 10. Bxd6 Qxd6 11. Re1 Nf6 12. Ne5 O-O 13. Bxg6 hxg6 14. f3 Nxe5
15. Rxe5 Rac8 16. Qd3 Qb6 17. Na4 Qd6 18. Re3 Nd7 19. Rae1 b5 20. Nc3 Nb6 21.
Rb1 Nc4 22. Re2 f5 23. Ree1 Kf7 24. g3 g5 25. Kg2 f4 26. g4 Rh8 27. Re2 Rh6 28.
Kg1 Rch8 29. Kh1 Rh3 30. Kg1 Ne3 31. Rf2 Nxg4 32. fxg4 Rxd3 33. cxd3 Qb6 34.
Ne2 e5 35. dxe5 Rxh2 36. d4 Rh4 37. Rg2 Qe6 38. Rf2 Qxg4+ 39. Rg2 Qf3 40. Rd1
Qe3+ 41. Kf1 f3 42. Rf2 Ke7 43. Ng3 Qf4 44. Rd3 Qc1+ 0-1

[Event "Krapina op 7th"]
[Site "Krapina"]
[Date "2017.01.14"]
[Round "5.14"]
[White "Vincelj, Leopold"]
[Black "Lescan, Marijan"]
[Result "0-1"]
[WhiteElo "1642"]
[BlackElo "1818"]
[PlyCount "77"]
[EventDate "2017.01.12"]
[EventType "swiss"]
[EventRounds "7"]
[EventCountry "CRO"]
[Source "Mirjana Medic"]
[SourceDate "2017.01.13"]

1. e4 e6 2. c3 d5 3. exd5 exd5 4. Nf3 Nf6 5. Be2 c6 6. d3 Bd6 7. Qc2 Bf5 8. Bg5
Nbd7 9. Nbd2 Qc7 10. Nh4 Bg6 11. Nxg6 hxg6 12. h3 Bf4 13. Bxf4 Qxf4 14. Nf3 Qc7
15. Qd2 O-O-O 16. O-O-O Ne5 17. Nxe5 Qxe5 18. Bf3 Qc7 19. Rhe1 Kb8 20. Kb1 Rde8
21. Rxe8+ Rxe8 22. Re1 Re5 23. Kc2 a6 24. a3 a5 25. Rxe5 Qxe5 26. Qe3 Qxe3 27.
fxe3 Kc7 28. e4 dxe4 29. dxe4 Kd6 30. Kd3 Ke5 31. Ke3 Nd7 32. b4 b6 33. g3 Nf6
34. Kd3 Ne8 35. Kc4 Nd6+ 36. Kd3 g5 37. h4 gxh4 38. gxh4 Kf4 39. Bh1 0-1